• 首页
  • 本馆介绍
  • 公告通知
  • 最新文献
  • 馆藏检索
  • 电子资源
  • 读者导购
  • 参考咨询
  • 我的图书馆
  • 登录
  • 详细信息显示
  • 放入我的书架
  • 预约/预借图书
  • 作者相关作品
  • 分类相关作品
  • 丛书相关作品
  • 出版社相关作品

书目信息

  • 表格格式
  • 工作单格式
  • 卡片格式
题名:
新测绘法学习60问
    
 
作者: 库热西·买合苏提 主编
分册:  
出版信息: 北京   中国民主法制出版社  2017
页数: 156页
开本: 24cm
丛书名:
单 册:
中图分类: D922.17-44
科图分类:
主题词: 测绘法令--中国--问题解答
电子资源:
ISBN: 978-7-5162-1525-8
000 01025nam0 2200229 450
001 012001003976
005 20140926114741.0
010    @a978-7-5162-1525-8@dCNY27.00
100    @a20180315d2017 em y0chiy50 ea
101 0  @achi
102    @aCN@b110000
105    @ay zn 000yy
106    @ar
200 1  @a新测绘法学习60问@9xin ce hui fa xue xi 60 wen@f库热西·买合苏提主编
210    @a北京@c中国民主法制出版社@d2017
215    @a156页@d24cm
330    @a新修订的测绘法呈现出如下亮点:一是加强卫星导航定位基准站管理,维护国家地理信息安全和对个人信息的保护。二是促进测绘成果社会化应用,激发地理信息产业活力。三是强化国家版图意识宣传教育,完善地图、互联网地图服务监管。四是建立地理国情监测制度和应急测绘保障工作机制,提升测绘地理信息服务水平。本书以问答的形式,针对测绘法的重点和疑难问题进行解析。
606 0  @a测绘法令@y中国@x问题解答
690    @aD922.17-44@v5
701  0 @c(维)@a库热西·买合苏提@9ku re xi · mai he su ti@f(1960~)@4主编
801  0 @aCN@b上海新华@c20180901
905    @b1170060-4@dD922.17-44@e1995@f5
    
    新测绘法学习60问/库热西·买合苏提主编.-北京:中国民主法制出版社,2017
    156页;24cm
    
    
    ISBN 978-7-5162-1525-8:CNY27.00
    新修订的测绘法呈现出如下亮点:一是加强卫星导航定位基准站管理,维护国家地理信息安全和对个人信息的保护。二是促进测绘成果社会化应用,激发地理信息产业活力。三是强化国家版图意识宣传教育,完善地图、互联网地图服务监管。四是建立地理国情监测制度和应急测绘保障工作机制,提升测绘地理信息服务水平。本书以问答的形式,针对测绘法的重点和疑难问题进行解析。
●
相关链接 在E读中查询图书 在五车中查询图书 在当当中查询图书 在豆瓣中查询图书


正题名:新测绘法学习60问     索取号:D922.17-44/1995         预约/预借

序号 登录号 条形码 馆藏地/架位号 状态 备注
1 1170060   211700603   第一样本阅览室/ [索取号:D922.17-44/1995] 在馆    
2 1170061   211700612   密集书库-史法系/ [索取号:D922.17-44/1995] 在馆    
3 1170062   211700621   第一借阅区/ [索取号:D922.17-44/1995] 在馆    
4 1170063   211700630   第一借阅区/ [索取号:D922.17-44/1995] 在馆    
5 1170064   211700649   第一借阅区/ [索取号:D922.17-44/1995] 在馆    
唐山师范学院图书馆 欢迎您!
大连网信软件有限公司© 版权所有